000 00824nam a22002297a 4500
999 _c8627
_d8627
003 AR-CdUCM
008 190312b ||||| |||| 00| 0 spa d
040 _aMUNICIPALIDAD PROVINCIAL DEL CUSCO
_cBIBLIOTECA MUNICIPAL DEL CUSCO
082 _a985.008 /
_bD72SM
110 _aDocumental del Perú
_916724
245 _aDocumental el Perú :
_bDepartamento de San Martin /
260 _aLima :
_bIoppe,
_c1971.
300 _a158 páginas ;
_bIlustraciones en color y b/n.
_c21 cm.
505 _aContenido: San Martin -- Turismo -- Folklore -- Historia -- Cultura e Instituciones -- Producción y desarrollo...
650 _aTurismo
_94560
650 _aSan Martín.
_9306
650 _aHistoria
_9246
650 _aGuía Turística
_916725
700 _aCortazar, Pedro Felipe
_923946
942 _2ddc
_cLIBROS
945 _awfj